<?xml version="1.0" encoding="UTF-8"?>
<record
    xmlns:xsi="http://www.w3.org/2001/XMLSchema-instance"
    xsi:schemaLocation="http://www.loc.gov/MARC21/slim http://www.loc.gov/standards/marcxml/schema/MARC21slim.xsd"
    xmlns="http://www.loc.gov/MARC21/slim">

  <leader>03637nam a2200289   4500</leader>
  <controlfield tag="003">DO-SdBJH</controlfield>
  <controlfield tag="005">20260326185234.0</controlfield>
  <controlfield tag="008">260325b2025    |||da||| |||| 00| 0 spa d</controlfield>
  <datafield tag="040" ind1=" " ind2=" ">
    <subfield code="a">DO-SdBJH</subfield>
    <subfield code="b">spa</subfield>
    <subfield code="c">DO-SdBJH</subfield>
  </datafield>
  <datafield tag="041" ind1="0" ind2=" ">
    <subfield code="a">spa</subfield>
  </datafield>
  <datafield tag="090" ind1=" " ind2=" ">
    <subfield code="a">CT MA-DHIH 0007</subfield>
    <subfield code="b">EGDDHH 2025</subfield>
  </datafield>
  <datafield tag="100" ind1="1" ind2=" ">
    <subfield code="a">P&#xE9;rez Quezada, Liz Eva</subfield>
    <subfield code="e">sustentante</subfield>
  </datafield>
  <datafield tag="245" ind1="1" ind2="0">
    <subfield code="a">Limites del derecho internacional humanitario en la protecci&#xF3;n de personas civiles y no combatientes en el conflicto : </subfield>
    <subfield code="b">israel&#xED;-palestino 2021-2024 /</subfield>
    <subfield code="c">Eva Liz P&#xE9;rez Quezada ; asesor de contenido Ronny Santana Morillo ; asesor metodol&#xF3;gico Fausto Antonio Suriel Rosario.</subfield>
  </datafield>
  <datafield tag="260" ind1=" " ind2=" ">
    <subfield code="a">Santo Domingo, Rep&#xFA;blica Dominicana :</subfield>
    <subfield code="b">UNADE,</subfield>
    <subfield code="c">2025.</subfield>
  </datafield>
  <datafield tag="300" ind1=" " ind2=" ">
    <subfield code="a">x, 114 p&#xE1;ginas :</subfield>
    <subfield code="b">ilustraciones, gr&#xE1;ficas.</subfield>
  </datafield>
  <datafield tag="502" ind1=" " ind2=" ">
    <subfield code="a">Tesis y trabajo de grado (Maestr&#xED;a en Derechos Humanos y Derecho Internacional Humanitario)-- Universidad Nacional para la Defensa "General Juan Pablo Duarte y Diez", Escuela de Graduados en Derechos Humanos y Derecho Internacional Humanitario, Santo Domingo, 2025.</subfield>
  </datafield>
  <datafield tag="504" ind1=" " ind2=" ">
    <subfield code="a">Incluye referencias bibliogr&#xE1;ficas, ap&#xE9;ndice y anexos.</subfield>
  </datafield>
  <datafield tag="505" ind1=" " ind2=" ">
    <subfield code="a">Contexto hist&#xF3;rico y evaluaci&#xF3;n del conflicto armado entre Israel y palestina desde el 2021 hasta el 2024 -- Fundamentos normativos y org&#xE1;nicos de tutela para la protecci&#xF3;n de no combatientes en el conflicto armado israel&#xED;-Palestino -- Alcance y limites de medidas de la corte internacional de justicia, el consejo de seguridad de la ONU y la comunidad internacional para proteger a no combatientes en el conflicto Israel-Palestina. </subfield>
  </datafield>
  <datafield tag="520" ind1=" " ind2=" ">
    <subfield code="a">En esta investigaci&#xF3;n se presenta un an&#xE1;lisis de los limites del Derecho Internacional Humanitario en la protecci&#xF3;n de personas civiles y no combatientes en el conflicto israel&#xED;-palestino, en el periodo 2021-2024. Metodol&#xF3;gicamente el estudio es realizado a trav&#xE9;s de un estudio no experimental, de corte transversal, apoyado en investigaci&#xF3;n documental e implementando m&#xE9;todos analitico-sintetico y el l&#xF3;gico-inductivo. De igual manera, los instrumentos aplicados fueron la ficha bibliogr&#xE1;fica y la gu&#xED;a de preguntas abiertas. Se llega a los resultados de que los especialistas se&#xF1;alan que el conflicto mantiene ra&#xED;ces hist&#xF3;ricas que se han intensificado con desalojos forzosos, el ataque del 7 de octubre de 2023 y la falta de avances en procesos de paz; asimismo, expertos internacionales destacan medidas operativas aplicadas por Israel para mitigar da&#xF1;os, aunque cuestionadas en su efectividad; otros hallazgos revelan que organismos multilaterales han documentado la destrucci&#xF3;n de hospitales, ambulancias, escuelas, y viviendas en Gaza, lo que agrava la situaci&#xF3;n de la poblaci&#xF3;n civil; los ni&#xF1;os palestinos presentan altos niveles de estr&#xE9;s postraum&#xE1;ticos y la educaci&#xF3;n se ha visto interrumpida por la vinolencia constante. Se puede evidenciar de que la efectividad del Derecho Internacional Humanitario en este conflicto es limitada, debido a las faltas de mecanismos coercitivos reales y a las condiciones de guerra urbana colapsada y que es preciso fortalecer los instrumentos de supervisi&#xF3;n internacional y garantizar corredores humanitarios seguros en la legi&#xF3;n.</subfield>
  </datafield>
  <datafield tag="650" ind1=" " ind2="7">
    <subfield code="2">lemb</subfield>
    <subfield code="a"> Derecho internacional humanitario</subfield>
    <subfield code="v">Investigaciones</subfield>
    <subfield code="x">l&#xED;mites</subfield>
    <subfield code="y">2021-2024</subfield>
    <subfield code="z">Israel</subfield>
    <subfield code="z">Palestina</subfield>
  </datafield>
  <datafield tag="650" ind1=" " ind2="7">
    <subfield code="2">lemb</subfield>
    <subfield code="a">Conflictos armados</subfield>
    <subfield code="v">Investigaciones</subfield>
    <subfield code="x">Derecho internacional</subfield>
    <subfield code="y">2021-2024</subfield>
  </datafield>
  <datafield tag="650" ind1=" " ind2="7">
    <subfield code="2">lemb</subfield>
    <subfield code="a"> Protecci&#xF3;n de civiles (Derecho internacional)</subfield>
  </datafield>
  <datafield tag="650" ind1=" " ind2="7">
    <subfield code="2">lemb</subfield>
    <subfield code="a">Conflicto &#xE1;rabe-israel&#xED;</subfield>
  </datafield>
  <datafield tag="700" ind1="1" ind2=" ">
    <subfield code="a">Santa Morillo, Ronny</subfield>
    <subfield code="e">asesor de contenido</subfield>
  </datafield>
  <datafield tag="700" ind1="1" ind2=" ">
    <subfield code="a">Suriel Rosario, Antonio Fausto</subfield>
    <subfield code="e">asesor metodol&#xF3;gico</subfield>
  </datafield>
  <datafield tag="942" ind1=" " ind2=" ">
    <subfield code="2">CL</subfield>
    <subfield code="c">T</subfield>
  </datafield>
  <datafield tag="999" ind1=" " ind2=" ">
    <subfield code="c">8617</subfield>
    <subfield code="d">8617</subfield>
  </datafield>
</record>
